000
00312nam a22001337a 4500
008
181102b xxu||||| |||| 00| 0 eng d
020
_a
0721674119
041
_a
eng
080
_a
610
100
_a
4
101
_a
SHM
245
_a
Ethical Dimensions in the Health Professions
_c
Purtilo,R.B
942
_2
udc
_c
BK
999
_c
51598
_d
51598